| 000 | 00382nam a2200145Ia 4500 | ||
|---|---|---|---|
| 008 | 230312s9999||||xx |||||||||||||| ||und|| | ||
| 020 | _a1-4377-1936-9 | ||
| 082 |
_a615.82 _bLUS-O |
||
| 100 | _aLusardi;Michelle.M | ||
| 245 | 0 | _aOrthotics & Prosthetics in Rehabilitation | |
| 260 |
_bElsevier _aUSA _c2013 |
||
| 300 | _a829 | ||
| 650 |
_aPhysiotherapy _vPhysio therapy |
||
| 942 | _cBK | ||
| 999 |
_c10328 _d10328 |
||